[Event "Olimpiada Calviá 2004"]
[Site "Calviá ESP"]
[Date "2004.10.17"]
[Round "3.30"]
[White "Tissir, Mohamed"]
[Black "Kasimdzhanov, Rustam"]
[Result "0-1"]
[WhiteElo "2394"]
[BlackElo "2650"]
[PlyCount "170"]
[EventDate "2004.10.15"]
[EventType "team"]
[EventRounds "14"]
[EventCountry "ESP"]
[Source "lmi"]
[SourceDate "2004.10.27"]

1. e4 e6 2. Nf3 d5 3. Nc3 Nf6 4. e5 Nfd7 5. d4 c5 6. dxc5 Nc6 7. Bf4 Nxc5 8.
Bd3 Be7 9. O-O O-O 10. Bg3 Nxd3 11. cxd3 Bd7 12. Ne2 Qb6 13. Rb1 a5 14. Nf4 f6
15. exf6 Rxf6 16. d4 Raf8 17. Ne2 Rxf3 18. gxf3 Be8 19. Rc1 Bg5 20. Rc3 Bh5 21.
Rb3 Qa6 22. Kg2 a4 23. Rc3 Qb5 24. b3 axb3 25. Rxb3 Qc4 26. a3 Na5 27. Rc3 Qa6
28. Ng1 Nc4 29. Qe2 Bf6 30. Rd1 Qb6 31. Rxc4 dxc4 32. Qxc4 Ra8 33. d5 exd5 34.
Qxd5+ Bf7 35. Qd3 Qc6 36. Nh3 Bc4 37. Qd6 Qxd6 38. Bxd6 Rd8 39. Rc1 Bb5 40. Bb4
Bc6 41. Re1 Kf7 42. Re3 Rd5 43. Bc3 Bd8 44. Re5 Rd3 45. Re3 Rd7 46. Bb4 g5 47.
Kf1 Rd1+ 48. Ke2 Rh1 49. f4 gxf4 50. Nxf4 Rxh2 51. Nd3 Bb5 52. Rf3+ Ke6 53.
Re3+ Kd7 54. Ke1 Rh1+ 55. Kd2 Bg5 56. f4 Rh2+ 57. Kd1 Bh6 58. Nc5+ Kc8 59. Rc3
Bc6 60. Nd3 Kd8 61. Bd6 Rh1+ 62. Ke2 Rh2+ 63. Kd1 Rh3 64. Kc2 Be4 65. Kd2 Bf5
66. Bc7+ Ke8 67. Be5 Bf8 68. Nb4 Rxc3 69. Kxc3 h5 70. Bf6 Kf7 71. Bg5 Ke6 72.
a4 Bg7+ 73. Kd2 Be4 74. Ke3 Bb1 75. Nd3 Kd5 76. Ne5 Bc2 77. a5 Bf8 78. Bd8 Bf5
79. Kf3 Bb4 80. Bb6 h4 81. Ng4 Ke6 82. Ne3 Bd2 83. Bd8 Be1 84. Ke2 h3 85. Kf3
Be4+ 0-1

[Event "Olimpiada Calviá 2004"]
[Site "Calviá ESP"]
[Date "2004.10.17"]
[Round "3.30"]
[White "Iuldachev, Saidali"]
[Black "Sebbar, Ali"]
[Result "1-0"]
[WhiteElo "2550"]
[BlackElo "2116"]
[PlyCount "95"]
[EventDate "2004.10.15"]
[EventType "team"]
[EventRounds "14"]
[EventCountry "ESP"]
[Source "lmi"]
[SourceDate "2004.10.27"]

1. e4 c5 2. Nc3 Nc6 3. f4 g6 4. Nf3 Bg7 5. a4 e6 6. e5 d6 7. Bb5 d5 8. b3 Nge7
9. Ba3 b6 10. d4 cxd4 11. Bxc6+ Nxc6 12. Nb5 Bf8 13. Bd6 Bxd6 14. Nxd6+ Kf8 15.
Ng5 Nxe5 16. fxe5 Qxg5 17. O-O f5 18. Qxd4 Kg7 19. Rf3 Rf8 20. a5 bxa5 21. h4
Qd8 22. Qc5 Bd7 23. Rxa5 Qxh4 24. Rxa7 Rxa7 25. Qxa7 Rd8 26. Qe3 Ra8 27. Rh3
Ra1+ 28. Kh2 f4 29. Qd4 Qe1 30. Qxf4 Qg1+ 31. Kg3 Qe1+ 32. Kg4 Qe2+ 33. Kg3
Qe1+ 34. Kg4 Qe2+ 35. Kh4 Rf1 36. Rf3 Rxf3 37. Qxf3 Qxf3 38. gxf3 h6 39. b4 Kf8
40. b5 Ke7 41. b6 Kd8 42. Nb7+ Kc8 43. Nc5 d4 44. b7+ Kb8 45. Nxd7+ Kxb7 46.
Nc5+ Kc6 47. Nxe6 g5+ 48. Nxg5 1-0

[Event "Olimpiada Calviá 2004"]
[Site "Calviá ESP"]
[Date "2004.10.17"]
[Round "3.30"]
[White "Naciri, Zouhir"]
[Black "Gareev, Timur"]
[Result "0-1"]
[WhiteElo "2170"]
[BlackElo "2525"]
[PlyCount "122"]
[EventDate "2004.10.15"]
[EventType "team"]
[EventRounds "14"]
[EventCountry "ESP"]
[Source "lmi"]
[SourceDate "2004.10.27"]

1. d4 c5 2. d5 g6 3. c4 Bg7 4. e4 d6 5. Nc3 e6 6. Nf3 Ne7 7. Be2 O-O 8. O-O
exd5 9. cxd5 f5 10. e5 dxe5 11. d6 Nec6 12. Qd5+ Kh8 13. Ng5 Qe8 14. Bc4 h6 15.
Nf7+ Kh7 16. Nb5 Na6 17. a3 Na5 18. Ba2 c4 19. Nc7 Nxc7 20. dxc7 Qxf7 21. Qxa5
Be6 22. Rd1 b6 23. Qb4 Qxc7 24. Bd2 Rfd8 25. Rac1 Rac8 26. Bc3 Rd7 27. Qb5 Rcd8
28. Re1 Bd5 29. a4 Qb7 30. Bxc4 Bxg2 31. Bxe5 Bh3 32. Bf1 Bxf1 33. Qxf1 Bxe5
34. Rxe5 Qf3 35. Re3 Qg4+ 36. Kh1 Rd1 37. Re7+ Kh8 38. Re1 Rxc1 39. Rxc1 Qf3+
40. Kg1 Qg4+ 41. Kh1 Qxa4 42. f3 Qb4 43. Rc2 Qd4 44. Kg2 Qd3 45. Qf2 Re8 46.
Rd2 Qe3 47. Qxe3 Rxe3 48. Rd8+ Kg7 49. Rd7+ Kf6 50. Rxa7 Re2+ 51. Kg3 Rxb2 52.
h4 g5 53. hxg5+ hxg5 54. Ra8 f4+ 55. Kh3 Rf2 56. Ra3 Kg6 57. Rb3 Kh5 58. Rxb6
Rxf3+ 59. Kh2 Rf2+ 60. Kg1 Ra2 61. Rb3 g4 0-1

[Event "Olimpiada Calviá 2004"]
[Site "Calviá ESP"]
[Date "2004.10.17"]
[Round "3.30"]
[White "Filippov, Anton"]
[Black "Karim, Ismael"]
[Result "1/2-1/2"]
[WhiteElo "2475"]
[BlackElo "2228"]
[PlyCount "140"]
[EventDate "2004.10.15"]
[EventType "team"]
[EventRounds "14"]
[EventCountry "ESP"]
[Source "lmi"]
[SourceDate "2004.10.27"]

1. e4 c5 2. Nf3 e6 3. d4 cxd4 4. Nxd4 a6 5. Nc3 Qc7 6. Be2 Nf6 7. O-O Nc6 8.
Be3 Bb4 9. Na4 Be7 10. Nxc6 bxc6 11. Nb6 Rb8 12. Nxc8 Qxc8 13. Bd4 c5 14. Bc3
Nxe4 15. Bxg7 Rg8 16. Be5 d6 17. Qd3 Qb7 18. Bf3 Qd5 19. Bxe4 Qxe5 20. b3 Rb6
21. Rae1 Qg7 22. Re3 h5 23. f4 Qd4 24. Qe2 d5 25. c3 Qf6 26. Bc2 c4 27. Kh1 Bc5
28. Re5 Bd6 29. Rxd5 Kf8 30. Rd4 cxb3 31. Bxb3 h4 32. Rfd1 Be7 33. Qf3 Rg6 34.
c4 Rb8 35. Rd7 Qf5 36. R7d4 Kg7 37. Qe2 Qg4 38. Qf1 Rf6 39. Re4 Bc5 40. Rd3 Rf5
41. Qa1+ Kh7 42. Bd1 Qg7 43. Qxg7+ Kxg7 44. Bb3 a5 45. g3 hxg3 46. hxg3 Rh8+
47. Kg2 Rfh5 48. Kf3 Rh2 49. Re2 Rxe2 50. Kxe2 Rh2+ 51. Kf3 f5 52. g4 Rh3+ 53.
Ke2 Rxd3 54. Kxd3 fxg4 55. Ke4 Kf6 56. Bd1 g3 57. Bf3 Ke7 58. Bg2 Kd6 59. Bh3
Bf2 60. Kf3 Be1 61. Bg4 Bf2 62. Kg2 Ke7 63. Bh5 Kf6 64. Kf3 e5 65. fxe5+ Kxe5
66. a4 Kd4 67. Bf7 Kc5 68. Kg2 Kb4 69. Be8 Kxc4 70. Bb5+ Kb4 1/2-1/2

[Event "Olimpiada Calviá 2004"]
[Site "Calviá ESP"]
[Date "2004.10.17"]
[Round "3.32"]
[White "Rahman, Ziaur"]
[Black "Evans-Quek, Suan-Shiau"]
[Result "1-0"]
[WhiteElo "2535"]
[BlackElo "2293"]
[PlyCount "125"]
[EventDate "2004.10.15"]
[EventType "team"]
[EventRounds "14"]
[EventCountry "ESP"]
[Source "lmi"]
[SourceDate "2004.10.27"]

1. Nf3 Nf6 2. c4 e6 3. g3 d5 4. d4 b6 5. cxd5 exd5 6. Bg2 Bd6 7. O-O O-O 8. Nc3
Bb7 9. Nb5 Be7 10. Bf4 Ne8 11. Rc1 c6 12. Nc3 Bd6 13. Ne5 Bxe5 14. dxe5 Nc7 15.
b4 Ba6 16. a4 Bc4 17. Ne4 a6 18. Nd6 b5 19. Nxc4 dxc4 20. Qxd8 Rxd8 21. Rfd1
Re8 22. Be3 a5 23. bxa5 Ra6 24. Bb6 Na8 25. axb5 cxb5 26. Bb7 Rxb6 27. axb6
Nxb6 28. Rb1 Na4 29. Rbc1 Nc5 30. Bg2 Kf8 31. Rb1 Na4 32. Rxb5 Nc3 33. Rdb1
Nxb5 34. Rxb5 Rc8 35. Bh3 Re8 36. f4 f6 37. exf6 gxf6 38. Kf2 Na6 39. Rb6 Nc5
40. Bf5 Ra8 41. Rxf6+ Ke7 42. Rc6 Ra5 43. g4 c3 44. Ke3 Na4 45. Kd4 Rb5 46. Rc4
Nb6 47. Rxc3 h5 48. h3 hxg4 49. hxg4 Nd5 50. Rf3 Kd6 51. e4 Rb4+ 52. Kd3 Rb3+
53. Ke2 Nc3+ 54. Kf2 Ke7 55. g5 Rb2+ 56. Kg3 Ne2+ 57. Kg4 Rb1 58. Rf2 Re1 59.
Rh2 Kf7 60. g6+ Kf8 61. Kg5 Nd4 62. Kf6 Kg8 63. Bd7 1-0

[Event "Olimpiada Calviá 2004"]
[Site "Calviá ESP"]
[Date "2004.10.17"]
[Round "3.32"]
[White "Jones, Richard S"]
[Black "Abdulla, Al-Rakib"]
[Result "1-0"]
[WhiteElo "2297"]
[BlackElo "2474"]
[PlyCount "41"]
[EventDate "2004.10.15"]
[EventType "team"]
[EventRounds "14"]
[EventCountry "ESP"]
[Source "lmi"]
[SourceDate "2004.10.27"]

1. e4 e5 2. f4 exf4 3. Nf3 d5 4. exd5 Nf6 5. Bc4 Nxd5 6. Bxd5 Qxd5 7. Nc3 Qd8
8. d4 Be7 9. Bxf4 O-O 10. O-O Bf5 11. Qe2 Nc6 12. Rad1 Re8 13. Qb5 Qd7 14. d5
Nb4 15. d6 Qxb5 16. Nxb5 Bxc2 17. Nxc7 Bxd1 18. Rxd1 Bf6 19. d7 Red8 20. Nxa8
Rxa8 21. Re1 1-0

[Event "Olimpiada Calviá 2004"]
[Site "Calviá ESP"]
[Date "2004.10.17"]
[Round "3.32"]
[White "Hossain, Enamul"]
[Black "Kett, T."]
[Result "1-0"]
[WhiteElo "2413"]
[BlackElo "2196"]
[PlyCount "89"]
[EventDate "2004.10.15"]
[EventType "team"]
[EventRounds "14"]
[EventCountry "ESP"]
[Source "lmi"]
[SourceDate "2004.10.27"]

1. e4 c6 2. d4 d5 3. exd5 cxd5 4. c4 Nf6 5. Nc3 Nc6 6. Bg5 Be6 7. Nf3 g6 8.
Bxf6 exf6 9. Be2 Bg7 10. O-O O-O 11. h3 f5 12. Rc1 h6 13. Qd2 Ne7 14. Rfd1 g5
15. c5 Ng6 16. Ne5 Qf6 17. Nxg6 Qxg6 18. Nb5 g4 19. Rc3 h5 20. Nd6 Bh6 21. Qc2
Rab8 22. Bd3 gxh3 23. g3 Qg4 24. Bxf5 Bxf5 25. Nxf5 Bg7 26. Re1 Rbe8 27. Rce3
Re6 28. Kh2 Rfe8 29. Nxg7 Kxg7 30. Qd3 Kh6 31. Re5 h4 32. Qe3+ Kh7 33. Qf4
hxg3+ 34. fxg3 Qg6 35. Rf1 f6 36. Qh4+ Kg7 37. Ref5 Re2+ 38. Kh1 R8e4 39. Qxh3
Rxb2 40. Rxd5 Ree2 41. Rd7+ Kg8 42. Rd8+ Kg7 43. Qh8+ Kf7 44. Qf8+ Ke6 45. Rd6#
1-0

[Event "Olimpiada Calviá 2004"]
[Site "Calviá ESP"]
[Date "2004.10.17"]
[Round "3.32"]
[White "Rayner, Francis"]
[Black "Ahmed, Sk  Nasir"]
[Result "0-1"]
[WhiteElo "2212"]
[BlackElo "2359"]
[PlyCount "126"]
[EventDate "2004.10.15"]
[EventType "team"]
[EventRounds "14"]
[EventCountry "ESP"]
[Source "lmi"]
[SourceDate "2004.10.27"]

1. e4 c5 2. Nf3 d6 3. d4 cxd4 4. Nxd4 Nf6 5. Nc3 a6 6. Bc4 e6 7. Bb3 Be7 8. Be3
O-O 9. g4 Nc6 10. g5 Nd7 11. Rg1 Nxd4 12. Qxd4 Ne5 13. Rg3 Bxg5 14. O-O-O Bh4
15. Rg2 Ng6 16. Qxd6 Qxd6 17. Rxd6 e5 18. Bd5 Nf4 19. Bxf4 exf4 20. f3 Be7 21.
Rb6 Bc5 22. Rb3 Rb8 23. Nd1 b6 24. c4 Rd8 25. Rd2 Kf8 26. Kc2 Bd7 27. Rbd3 Bh3
28. Bc6 Rxd3 29. Kxd3 Bb4 30. Nc3 Bf1+ 31. Kc2 Bxc4 32. Rd7 Bxc3 33. Kxc3 Be6
34. Rc7 Rd8 35. Ba4 Bxa2 36. Rc6 b5 37. Bc2 Bc4 38. Rxa6 Be2 39. Rb6 Rd7 40. e5
Bxf3 41. Rxb5 Be2 42. Rb8+ Ke7 43. Bf5 Rc7+ 44. Kd2 Bc4 45. b4 g6 46. Be4 Ke6
47. Re8+ Kd7 48. Rb8 Ke6 49. Re8+ Re7 50. Rxe7+ Kxe7 51. Bc6 Ke6 52. b5 Kxe5
53. b6 Kd6 54. Bf3 Ba6 55. Kc3 Kd7 56. Kd4 f6 57. h4 Kc8 58. Bd5 Bb7 59. Bg8 h6
60. Bf7 g5 61. hxg5 fxg5 62. Be6+ Kb8 63. Bg4 Bg2 0-1

[Event "Olimpiada Calviá 2004"]
[Site "Calviá ESP"]
[Date "2004.10.17"]
[Round "3.33"]
[White "Beliavsky, Alexander G"]
[Black "Zilberman, Nathan R"]
[Result "1-0"]
[WhiteElo "2660"]
[BlackElo "2338"]
[PlyCount "85"]
[EventDate "2004.10.15"]
[EventType "team"]
[EventRounds "14"]
[EventCountry "ESP"]
[Source "lmi"]
[SourceDate "2004.10.27"]

1. d4 g6 2. e4 Bg7 3. Nc3 c6 4. Nf3 d6 5. Be3 b5 6. Bd3 Nd7 7. Qd2 Bb7 8. O-O
Qc7 9. b4 a6 10. a4 Ngf6 11. Bh6 O-O 12. Bxg7 Kxg7 13. Rfe1 e5 14. Nd1 Rfe8 15.
dxe5 dxe5 16. c4 bxc4 17. Bxc4 c5 18. Ng5 Re7 19. Bxf7 Nf8 20. Bd5 cxb4 21.
Qxb4 Bxd5 22. exd5 Nxd5 23. Qh4 Rd8 24. Ne3 Nxe3 25. fxe3 h6 26. Ne4 g5 27. Qg4
Qd7 28. Qh5 Qe8 29. Qe2 Qg6 30. Ng3 Rf7 31. Rf1 Rdd7 32. Qc4 Qe6 33. Qe4 Ng6
34. Rac1 Rxf1+ 35. Rxf1 Rf7 36. Rc1 Ne7 37. Rc5 Qd6 38. Qxe5+ Qxe5 39. Rxe5 Ng6
40. Re6 a5 41. Ra6 Rb7 42. Nf5+ Kh7 43. Rxa5 1-0

[Event "Olimpiada Calviá 2004"]
[Site "Calviá ESP"]
[Date "2004.10.17"]
[Round "3.33"]
[White "Ilinsky, Vladimir"]
[Black "Pavasovic, Dusko"]
[Result "1/2-1/2"]
[WhiteElo "2331"]
[BlackElo "2581"]
[PlyCount "69"]
[EventDate "2004.10.15"]
[EventType "team"]
[EventRounds "14"]
[EventCountry "ESP"]
[Source "lmi"]
[SourceDate "2004.10.27"]

1. Nf3 c5 2. g3 g6 3. Bg2 Bg7 4. c4 Nc6 5. Nc3 e6 6. O-O Nge7 7. d3 O-O 8. Bg5
h6 9. Bd2 b6 10. a3 Bb7 11. Rb1 d6 12. b4 Qd7 13. e3 f5 14. Qe2 g5 15. b5 Ne5
16. Nxe5 dxe5 17. Bxb7 Qxb7 18. e4 Rad8 19. Nd1 g4 20. Bc3 Ng6 21. f3 gxf3 22.
Qxf3 Kh7 23. Nf2 Qe7 24. Rbd1 Rf7 25. Qh5 Qg5 26. Qxg5 hxg5 27. Kg2 Rdd7 28. a4
g4 29. h3 gxh3+ 30. Nxh3 Bh6 31. Kf3 Kg8 32. Ke2 Rd6 33. Rf3 Rdd7 34. Rdf1 f4
35. gxf4 1/2-1/2

[Event "Olimpiada Calviá 2004"]
[Site "Calviá ESP"]
[Date "2004.10.17"]
[Round "3.33"]
[White "Borisek, Jure"]
[Black "Shukuraliev, Algis"]
[Result "1-0"]
[WhiteElo "2489"]
[BlackElo "2248"]
[PlyCount "81"]
[EventDate "2004.10.15"]
[EventType "team"]
[EventRounds "14"]
[EventCountry "ESP"]
[Source "lmi"]
[SourceDate "2004.10.27"]

1. e4 e5 2. Nf3 Nc6 3. Bb5 a6 4. Ba4 Nf6 5. O-O Be7 6. Re1 b5 7. Bb3 O-O 8. h3
d6 9. c3 Na5 10. Bc2 c5 11. d4 Qc7 12. Nbd2 Nc6 13. d5 Nd8 14. Nf1 Ne8 15. N3h2
f6 16. f4 Nf7 17. f5 g5 18. h4 Ng7 19. hxg5 fxg5 20. Ng3 Bd7 21. Nh5 Qd8 22.
Nxg7 Kxg7 23. Qh5 Be8 24. Ng4 Nh8 25. Qh6+ Kg8 26. Kf2 Nf7 27. Qh3 Kg7 28. Qh5
Rh8 29. Re3 Kf8 30. Bd2 h6 31. Rf3 Qd7 32. Rh1 Rh7 33. Qg6 Rg7 34. Qe6 Rh7 35.
Nxh6 Qa7 36. Rfh3 Bd7 37. Qg6 Rg7 38. Qh5 g4 39. Nxg4 Ke8 40. Nh6 Bf8 41. Nxf7
1-0

[Event "Olimpiada Calviá 2004"]
[Site "Calviá ESP"]
[Date "2004.10.17"]
[Round "3.33"]
[White "Turpanov, Milan"]
[Black "Sakelsek, Tadej"]
[Result "1/2-1/2"]
[WhiteElo "2307"]
[BlackElo "2425"]
[PlyCount "139"]
[EventDate "2004.10.15"]
[EventType "team"]
[EventRounds "14"]
[EventCountry "ESP"]
[Source "lmi"]
[SourceDate "2004.10.27"]

1. d4 Nf6 2. c4 e6 3. Nc3 Bb4 4. Qc2 O-O 5. a3 Bxc3+ 6. Qxc3 b6 7. Bg5 Bb7 8.
f3 d6 9. e3 Nbd7 10. Bd3 Rc8 11. Ne2 c5 12. Qd2 h6 13. Bh4 Ba6 14. Rc1 cxd4 15.
exd4 d5 16. cxd5 Bxd3 17. Rxc8 Qxc8 18. Qxd3 Nxd5 19. O-O Qb7 20. Rc1 Rc8 21.
Qd2 b5 22. Bg3 Rc6 23. h3 a6 24. b3 Qc8 25. Rxc6 Qxc6 26. Qc1 Ne7 27. Qc3 Qxc3
28. Nxc3 Nc6 29. Bf2 Nb6 30. Ne4 Nd5 31. Kf1 Kf8 32. g3 Ke7 33. Ke2 a5 34. Kd3
f5 35. Nc5 Kd6 36. Be1 b4 37. axb4 axb4 38. f4 h5 39. h4 Nf6 40. Kc4 Nd5 41.
Bd2 g6 42. Nb7+ Kc7 43. Nc5 Kd6 44. Kd3 Nc7 45. Nb7+ Kd5 46. Nc5 Nb5 47. Nd7
Nbxd4 48. Nf6+ Kd6 49. Kc4 Ke7 50. Nh7 Nc2 51. Kd3 Na3 52. Be1 e5 53. fxe5
Nxe5+ 54. Ke2 Nc2 55. Bd2 Kd6 56. Nf8 Na1 57. Be1 Nxb3 58. Bxb4+ Kd5 59. Bc3
Nc1+ 60. Kd2 Ncd3 61. Nxg6 Nxg6 62. Kxd3 f4 63. gxf4 Nxf4+ 64. Ke3 Ng2+ 65. Kf3
Nxh4+ 66. Kf4 Ng6+ 67. Kg5 h4 68. Kg4 Ne5+ 69. Bxe5 Kxe5 70. Kxh4 1/2-1/2

[Event "Olimpiada Calviá 2004"]
[Site "Calviá ESP"]
[Date "2004.10.17"]
[Round "3.34"]
[White "Del Rio Angelis, Salvador G"]
[Black "San Segundo, Carrillo Pablo"]
[Result "1/2-1/2"]
[WhiteElo "2491"]
[BlackElo "2516"]
[PlyCount "42"]
[EventDate "2004.10.15"]
[EventType "team"]
[EventRounds "14"]
[EventCountry "ESP"]
[Source "lmi"]
[SourceDate "2004.10.27"]

1. e4 c5 2. Nf3 Nc6 3. d4 cxd4 4. Nxd4 Nf6 5. Nc3 e5 6. Ndb5 d6 7. Bg5 a6 8.
Na3 b5 9. Nd5 Be7 10. Nxe7 Nxe7 11. Bxf6 gxf6 12. c4 Bb7 13. Bd3 bxc4 14. Nxc4
d5 15. exd5 Qxd5 16. Nd6+ Kf8 17. Be4 Qa5+ 18. Qd2 Qxd2+ 19. Kxd2 Rd8 20. Bxb7
Rxd6+ 21. Kc2 Rb6 1/2-1/2

[Event "Olimpiada Calviá 2004"]
[Site "Calviá ESP"]
[Date "2004.10.17"]
[Round "3.34"]
[White "Moreno Carnero, Javier"]
[Black "Mascaro March, Pedro"]
[Result "1-0"]
[WhiteElo "2512"]
[BlackElo "2323"]
[PlyCount "39"]
[EventDate "2004.10.15"]
[EventType "team"]
[EventRounds "14"]
[EventCountry "ESP"]
[Source "lmi"]
[SourceDate "2004.10.27"]

1. e4 c5 2. Nf3 d6 3. d4 cxd4 4. Nxd4 Nf6 5. Nc3 Nc6 6. Bg5 e6 7. Qd2 Be7 8.
O-O-O O-O 9. f4 Nxd4 10. Qxd4 Qa5 11. Kb1 Rd8 12. Qd2 Kf8 13. Bd3 Bd7 14. Rhf1
h6 15. Bh4 Qh5 16. g3 Qc5 17. Qe2 Bc6 18. g4 e5 19. g5 Ng8 20. Bc4 1-0

[Event "Olimpiada Calviá 2004"]
[Site "Calviá ESP"]
[Date "2004.10.17"]
[Round "3.34"]
[White "Pont Mulet, Antonio"]
[Black "Herraiz Hidalgo, Herminio"]
[Result "1/2-1/2"]
[WhiteElo "2265"]
[BlackElo "2474"]
[PlyCount "92"]
[EventDate "2004.10.15"]
[EventType "team"]
[EventRounds "14"]
[EventCountry "ESP"]
[Source "lmi"]
[SourceDate "2004.10.27"]

1. e4 e6 2. d4 d5 3. Nc3 Nf6 4. e5 Nfd7 5. f4 c5 6. Nf3 Nc6 7. Be3 a6 8. Qd2 b5
9. dxc5 Bxc5 10. Bxc5 Nxc5 11. Bd3 Qb6 12. Qf2 Rb8 13. O-O h6 14. Ne2 Ne7 15.
Kh1 b4 16. Ned4 a5 17. Nb3 Nxb3 18. Qxb6 Rxb6 19. axb3 Nc6 20. Kg1 O-O 21. Kf2
f6 22. Ke3 Ba6 23. g3 Rd8 24. Bxa6 Rxa6 25. Kd3 Rc8 26. Rae1 Kf7 27. Rf2 f5 28.
Nd4 Nxd4 29. Kxd4 a4 30. Ra1 axb3 31. Rxa6 bxc2 32. Ra7+ Kf8 33. Rf1 Rc4+ 34.
Kd3 c1=Q 35. Rxc1 Rxc1 36. Ra6 Rd1+ 37. Kc2 Rh1 38. Rxe6 Rxh2+ 39. Kb3 Rg2 40.
Kxb4 Rxg3 41. Kc5 Rb3 42. Ra6 Rxb2 43. Kxd5 Rb7 44. Ke6 g5 45. fxg5 hxg5 46.
Kxf5 Rg7 1/2-1/2

[Event "Olimpiada Calviá 2004"]
[Site "Calviá ESP"]
[Date "2004.10.17"]
[Round "3.35"]
[White "Hawes, Jonathan"]
[Black "Megaranto, Susanto"]
[Result "0-1"]
[WhiteElo "2151"]
[BlackElo "2439"]
[PlyCount "80"]
[EventDate "2004.10.15"]
[EventType "team"]
[EventRounds "14"]
[EventCountry "ESP"]
[Source "lmi"]
[SourceDate "2004.10.27"]

1. d4 Nf6 2. c4 g6 3. Nc3 Bg7 4. e4 d6 5. f3 O-O 6. Be3 e5 7. d5 c6 8. Qd2 cxd5
9. cxd5 Nh5 10. O-O-O Nd7 11. Bd3 a6 12. Nge2 b5 13. Kb1 Nc5 14. Rc1 f5 15. Bc2
f4 16. Bf2 Bd7 17. b4 Nb7 18. Kb2 Nf6 19. Ra1 g5 20. h3 Qe7 21. Nc1 h5 22. Bd3
g4 23. hxg4 hxg4 24. Be2 g3 25. Bb6 Kf7 26. Nb3 Rh8 27. Na5 Nxa5 28. Bxa5 Rh2
29. Rhg1 Qe8 30. Qc2 Rc8 31. Qb3 Kg6 32. Rac1 Qh8 33. a4 bxa4 34. Qd1 Qe8 35.
Bxa6 Ra8 36. Be2 Qb8 37. Ka3 Qa7 38. Nxa4 Qf2 39. Qf1 Qe3+ 40. Rc3 Qd4 0-1

[Event "Olimpiada Calviá 2004"]
[Site "Calviá ESP"]
[Date "2004.10.17"]
[Round "3.35"]
[White "Liu, Dede"]
[Black "Fulton, Anthony"]
[Result "1-0"]
[WhiteElo "2397"]
[BlackElo "2203"]
[PlyCount "67"]
[EventDate "2004.10.15"]
[EventType "team"]
[EventRounds "14"]
[EventCountry "ESP"]
[Source "lmi"]
[SourceDate "2004.10.27"]

1. c4 e5 2. Nc3 Nf6 3. g3 Bb4 4. Bg2 O-O 5. Nf3 e4 6. Nd4 Bxc3 7. dxc3 c6 8.
O-O d5 9. cxd5 cxd5 10. Nc2 Be6 11. Be3 Nc6 12. Qc1 Qc8 13. Rd1 h6 14. Bd4 Nxd4
15. Rxd4 Bh3 16. Ne3 Bxg2 17. Kxg2 Qe6 18. Qd2 Rad8 19. c4 Rfe8 20. cxd5 Qd7
21. Rd1 Re5 22. h3 Rh5 23. g4 Rg5 24. f3 Re5 25. f4 Ree8 26. d6 Re6 27. f5 Re5
28. Rc1 Ne8 29. Rc7 Qb5 30. Nc4 e3 31. Qd3 Nxc7 32. dxc7 Qc6+ 33. Kg3 Rxd4 34.
Nxe5 1-0

[Event "Olimpiada Calviá 2004"]
[Site "Calviá ESP"]
[Date "2004.10.17"]
[Round "3.35"]
[White "Wojciechowski, Paul"]
[Black "Gunawan, Ruben"]
[Result "1/2-1/2"]
[WhiteElo "2146"]
[BlackElo "2467"]
[PlyCount "49"]
[EventDate "2004.10.15"]
[EventType "team"]
[EventRounds "14"]
[EventCountry "ESP"]
[Source "lmi"]
[SourceDate "2004.10.27"]

1. e4 c5 2. Nf3 e6 3. d4 cxd4 4. Nxd4 a6 5. Bd3 Nf6 6. Nc3 Qc7 7. Qe2 Bd6 8.
Bd2 Nc6 9. Nf3 Bc5 10. a4 Ng4 11. Nd1 d6 12. Bf4 O-O 13. O-O Qe7 14. c3 Nge5
15. Nxe5 dxe5 16. Be3 Bd6 17. b4 a5 18. b5 Nb8 19. Nb2 Nd7 20. Rfd1 Bc5 21. Bc2
Nb6 22. Bb3 Qc7 23. c4 Nd7 24. Nd3 Be7 25. c5 1/2-1/2

[Event "Olimpiada Calviá 2004"]
[Site "Calviá ESP"]
[Date "2004.10.17"]
[Round "3.35"]
[White "Purnama, Tirta Chandra"]
[Black "Simmons, Matthew"]
[Result "1-0"]
[WhiteElo "2286"]
[BlackElo "2065"]
[PlyCount "87"]
[EventDate "2004.10.15"]
[EventType "team"]
[EventRounds "14"]
[EventCountry "ESP"]
[Source "lmi"]
[SourceDate "2004.10.27"]

1. d4 Nf6 2. c4 c5 3. d5 e5 4. Nc3 d6 5. e4 Be7 6. Nge2 Nbd7 7. Ng3 Nf8 8. Bd3
Ng6 9. Nf5 O-O 10. Qf3 Bxf5 11. exf5 e4 12. Bxe4 Ne5 13. Qe2 Re8 14. O-O Bf8
15. Bg5 h6 16. Bh4 Be7 17. Bg3 Bf8 18. Rfe1 Qb6 19. Rac1 Qb4 20. b3 a6 21. Bh4
Be7 22. Bg3 Bf8 23. f4 Ned7 24. Qf3 b5 25. Bd3 bxc4 26. Bxc4 Nb6 27. Rxe8 Rxe8
28. Bxa6 Qa3 29. Qf1 Nbxd5 30. Nxd5 Nxd5 31. Bb5 Ne3 32. Qe1 Re7 33. f6 Re6 34.
Bd7 Qa8 35. Qd2 Re4 36. Re1 Qd8 37. Bc6 d5 38. Rxe3 Rd4 39. Rd3 Qxf6 40. Rxd4
cxd4 41. Bxd5 d3 42. Qxd3 Qa1+ 43. Kf2 Qxa2+ 44. Kf3 1-0

[Event "Olimpiada Calviá 2004"]
[Site "Calviá ESP"]
[Date "2004.10.17"]
[Round "3.36"]
[White "Agnelo, Amorin"]
[Black "Lima, Darcy"]
[Result "0-1"]
[WhiteElo "2227"]
[BlackElo "2533"]
[PlyCount "100"]
[EventDate "2004.10.15"]
[EventType "team"]
[EventRounds "14"]
[EventCountry "ESP"]
[Source "lmi"]
[SourceDate "2004.10.27"]

1. e4 e5 2. Nf3 Nc6 3. Bb5 Nf6 4. O-O Bc5 5. Re1 O-O 6. c3 d6 7. h3 h6 8. d4
Bb6 9. Be3 Bd7 10. dxe5 dxe5 11. Nbd2 Qe7 12. Bf1 Bxe3 13. Rxe3 a5 14. Qc2 Qc5
15. Ne1 Be6 16. a3 a4 17. Nd3 Qe7 18. Nb4 Na5 19. c4 c6 20. Rae1 Rfd8 21. Nf3
Qc7 22. Rc3 Qb8 23. Rd3 Rxd3 24. Bxd3 Nb3 25. Qc3 Nd7 26. Bc2 Nd4 27. Bd1 Qd6
28. Nc2 c5 29. Ne3 Nb8 30. Nd2 Nbc6 31. Nd5 Ne7 32. Nf3 Nxf3+ 33. Bxf3 Nc6 34.
Rd1 Nd4 35. Rd2 Bxd5 36. exd5 f5 37. Bd1 e4 38. f3 exf3 39. Bxf3 Re8 40. Rf2 f4
41. Bh5 Re5 42. Bg4 Re3 43. Qd2 Qe5 44. Rf1 b6 45. Rf2 Nb3 46. Qc2 Re1+ 47. Rf1
Qe3+ 48. Qf2 Rxf1+ 49. Kxf1 Nd2+ 50. Kg1 Nxc4 0-1

[Event "Olimpiada Calviá 2004"]
[Site "Calviá ESP"]
[Date "2004.10.17"]
[Round "3.36"]
[White "Braga, Cicero"]
[Black "Campos, Eugenio"]
[Result "1-0"]
[WhiteElo "2441"]
[BlackElo "2265"]
[PlyCount "87"]
[EventDate "2004.10.15"]
[EventType "team"]
[EventRounds "14"]
[EventCountry "ESP"]
[Source "lmi"]
[SourceDate "2004.10.27"]

1. e4 c5 2. d3 g6 3. g3 Bg7 4. Bg2 Nc6 5. f4 d6 6. Nf3 Nf6 7. O-O O-O 8. h3 Nd4
9. g4 Ne8 10. f5 e6 11. c3 Nxf3+ 12. Qxf3 Rb8 13. a4 b6 14. Qg3 Bd7 15. Na3 Qe7
16. Nc4 Rd8 17. Bf4 Bc8 18. Rae1 g5 19. Bc1 Ba6 20. e5 dxe5 21. Nxe5 h6 22. Nc6
Qd6 23. Qxd6 Rxd6 24. fxe6 Nf6 25. exf7+ Rxf7 26. Ne5 Rf8 27. c4 Re8 28. Bd2
Re7 29. Bc3 Bb7 30. Ng6 Rxe1 31. Rxe1 Bxg2 32. Kxg2 Nd5 33. cxd5 Rxg6 34. Re7
Bf8 35. Rd7 a6 36. Kf3 Rd6 37. Rxd6 Bxd6 38. Ke4 Kf7 39. Kf5 b5 40. axb5 axb5
41. Be5 Bf8 42. d6 c4 43. dxc4 bxc4 44. d7 1-0